000 00789nam a2200229Ii 4500
003 JO-AjNU
008 230605s9999||||xx |||||||||||||| ||und||
017 _a1996/8664
020 _a977-19-1345-X
040 _aJO-AjNU
_bara
_erda
_cJO-AjNU
041 _aara
050 1 4 _aPN3448.A8.H3 1996
100 3 _aالحريري، عبد اللطيف محمد السيد,
_eauthor
_933854
245 0 0 _aفن السيرة بين الذاتية والغيرية في ضوء النقد الأدبي
250 _aط1
264 3 1 _aد.م: د.ن، 1996
300 _a235ص
336 _atext
_btxt
_2rdacontent
337 _aunmediated
_bn
_2rdamedia
338 _avolume
_bnc
_2rdacarrier
650 4 _aالنقد الأدبي - السيرة الذاتية - السيرة الغيرية
_933855
999 _aA13821
_c17389
_d17389